Ley 24013; ley de empleo /

Guardado en:
Formato: Libro
Publicado: : , 0
Etiquetas: Agregar Etiqueta
Sin Etiquetas, Sea el primero en etiquetar este registro!
LEADER 00338nam a22001335a 4500
001 CEM.cems011275
005 20060214000000.0
008 130507b######################000#0#####d
003 CEMS
082 0 4 |a F340 
245 0 0 |a Ley 24013; ley de empleo / 
260 |a : , 0 
300 |a 22 p.1 
859 |a CEMS  |b BIB. CEMS - 11 de abril  |h F340  |i 4-1.1  |p 1928.44  |t Ej.1